Bright's solved papers of all India bar examination solved papers (Record no. 396130)

MARC details
000 -LEADER
fixed length control field 00631 a2200217 4500
005 - DATE & TIME
control field 20260424155944.0
008 - FIXED-LENGTH DATA ELEMENTS--GENERAL INFORMATION
fixed length control field 260424b |||||||| |||| 00| 0 eng d
020 ## - ISBN
International Standard Book Number 9789388334655
Price Rs. 450.00
040 ## - CATALOGING SOURCE
Original cataloging agency VIVEKANANDA LIBRARY
082 ## - DDC NUMBER
Classification number 340.076
Book Number B225B(7)
100 ## - MAIN ENTRY--PERSONAL NAME
Personal name Bangia, Lovedeep
245 ## - TITLE STATEMENT
Title Bright's solved papers of all India bar examination solved papers
250 ## - EDITION STATEMENT
Edition statement 7th
260 ## - PUBLICATION, DISTRIBUTION, ETC. (IMPRINT)
Name of publisher, distributor, etc The Bright Law House
Date of publication, distribution, etc 2025
Place of publication, distribution, etc New Delhi
300 ## - PHYSICAL DESCRIPTION
Pages 352
650 ## - Subject
Subject Law- Examinations,Questions etc.
650 ## - Subject
Subject Bar Examinations- India
650 ## - Subject
Subject Law- Study and teaching- India
700 ## - Added Entry Personal Name
Added Entry Personal Name Bangia, Gaurav
942 ## - ADDED ENTRY ELEMENTS (KOHA)
Koha item type Books
Holdings
Withdrawn status Lost status Source of classification or shelving scheme Damaged status Not for loan Location (home branch) Sublocation or collection (holding branch) Shelving location Date acquired Koha issues (times borrowed) Koha full call number Accession No. Koha date last seen Koha item type
    Dewey Decimal Classification     VIVEKANANDA LIBRARY VIVEKANANDA LIBRARY Law Library 02/02/2026   340.076 B225B(7) 377817 02/02/2026 Books
    Dewey Decimal Classification     VIVEKANANDA LIBRARY VIVEKANANDA LIBRARY Law Library 02/02/2026   340.076 B225B(7) 377816 02/02/2026 Books
    Dewey Decimal Classification     VIVEKANANDA LIBRARY VIVEKANANDA LIBRARY Law Library 02/02/2026   340.076 B225B(7) 377820 02/02/2026 Books
    Dewey Decimal Classification     VIVEKANANDA LIBRARY VIVEKANANDA LIBRARY Law Library 02/02/2026   340.076 B225B(7) 377818 02/02/2026 Books
    Dewey Decimal Classification     VIVEKANANDA LIBRARY VIVEKANANDA LIBRARY Law Library 02/02/2026   340.076 B225B(7) 377819 02/02/2026 Books
© Designed and Maintained by Vivekananda Library, MDU Rohtak